Vplyv vybraných procesných parametrov na impregnačnú fázu kraftových várok

Saved in:
Bibliographic Details
Main Author: Kohútová, Michaela (Author)
Other Authors: Fekete, Roman (Thesis advisor)
Format: Manuscript Book
Language:Slovak
Published: 2023
Subjects:
Online Access:http://is.stuba.sk/zp/portal_zp.pl?podrobnosti=165666
Tags: Add Tag
No Tags, Be the first to tag this record!

MARC

LEADER 00000ntm a22000003a 4500
001 stuzp82139
003 SK-STU
005 20230909210642.1
007 ta
008 150427s2015----xo-----f-mn---000-0-slo-d
040 |a STU  |b slo 
041 0 |a slo 
100 1 |a Kohútová, Michaela  |u 020040  |4 aut  |U SjF Strojnícka fakulta  |T SjF Ústav procesného inžinierstva  |X 81798  |U J0040  |Y 807  |7 81798 
242 0 1 |a Influence of selected process parameters on the impregnation step of batch kraft cooking  |y eng 
245 1 0 |a Vplyv vybraných procesných parametrov na impregnačnú fázu kraftových várok 
260 |c 2023 
650 4 |a impregnácia  |2 slo 
650 4 |a smrekové drevo  |2 slo 
650 4 |a sulfátová delignifikácia  |2 slo 
650 4 |a softwood chips  |2 eng 
650 4 |a impregnation  |2 eng 
650 4 |a sulphate kraft process  |2 eng 
700 1 |a Fekete, Roman  |u 020040  |k Z1  |4 ths  |U SjF Strojnícka fakulta  |T SjF Ústav procesného inžinierstva  |X 2370  |U J0040  |Y 807  |7 A000002370 
856 4 |u http://is.stuba.sk/zp/portal_zp.pl?podrobnosti=165666 
996 |b 284J047230  |c J* 119472  |l JJST  |s P  |a 0  |w stuzp82139_0001